|
|
|
|
| LEADER |
01087nam a2200289 a 4500 |
| 001 |
11997039 |
| 008 |
110222r20012000enka b 001 0 eng d |
| 010 |
|
|
|a 00033028
|
| 020 |
|
|
|a 0471988529
|
| 020 |
|
|
|a 0471988537
|
| 040 |
|
|
|a DLC
|c DLC
|d DLC
|d BD-DhAAL
|
| 082 |
0 |
0 |
|a 621.31/244
|2 21
|
| 245 |
0 |
0 |
|a Solar electricity /
|c edited by Tomas Markvart.
|
| 250 |
|
|
|a 2nd ed.
|
| 260 |
|
|
|a Chichester ;
|a New York :
|b Wiley,
|c 2000.[Reprinted 2001]
|
| 300 |
|
|
|a xiv, 280 p. :
|b ill ;
|c 25 cm.
|
| 490 |
0 |
|
|a Energy engineering learning package
|
| 490 |
0 |
|
|a UNESCO energy engineering series
|
| 504 |
|
|
|a Includes bibliographical references and index.
|
| 541 |
1 |
|
|e 00021978
|
| 650 |
|
0 |
|a Photovoltaic power systems.
|
| 650 |
|
0 |
|a Photovoltaic power generation.
|
| 650 |
|
0 |
|a Solar cells.
|
| 700 |
1 |
|
|a Markvart, T.
|
| 852 |
4 |
|
|a Ayesha Abed Library
|j General shelf
|
| 999 |
|
|
|c 10473
|d 10473
|
| 952 |
|
|
|0 0
|1 0
|2 ddc
|4 0
|6 621_310000000000000_244_SOL
|7 0
|9 14425
|a BRACUL
|b BRACUL
|c GEN
|d 2011-02-24
|e Karim International
|g 15200.00
|l 17
|m 120
|o 621.31244 SOL
|p 3010021978
|r 2025-12-13
|s 2025-05-04
|t 1
|w 2011-02-24
|y BK
|